| 000 | 00395nam a2200157Ia 4500 | ||
|---|---|---|---|
| 008 | 240401s2022 xx und d | ||
| 041 | _aeng | ||
| 082 | _a615.4/HAJ | ||
| 100 | _aDR.ASHOK HAJARE | ||
| 245 | _aPHYSICAL PHARMACEUTICS -I | ||
| 250 | _a7 | ||
| 260 |
_aPUNE _bNIRALI PRAKASHAN _c2022 |
||
| 300 | _aP.B/5.39 | ||
| 650 | _aPHARMACEUTICS | ||
| 650 | _aPHYSICAL PHARMACEUTICS -I | ||
| 999 |
_c1152003 _d1152003 |
||